Malta 2012.
| Format: | Book |
|---|---|
| Published: |
Singapore:
APA Publications,
2012.
|
| Series: | Insight guides
|
| Subjects: |
| LEADER | 00419cam a2200157 7i4500 | ||
|---|---|---|---|
| 001 | 0000028953 | ||
| 005 | 20130114090000.0 | ||
| 020 | 0 | 0 | |a 9781780052816 |
| 090 | 0 | 0 | |a MALT 914.58504 |b MAL |
| 245 | 0 | 0 | |a Malta 2012. |
| 260 | 0 | 0 | |a Singapore: |b APA Publications, |c 2012. |
| 300 | # | # | |a 256 p.. |
| 440 | 0 | 0 | |a Insight guides |
| 650 | 0 | 0 | |a Malta -- |x Guidebooks |
| 651 | 0 | 0 | |a Malta |
| 999 | |a B000031618 |b Book |c Countries |e Business Information Centre | ||


